[Event "New York 1000 GM Spring Schev"]
[Site "New York"]
[Date "2024.03.27"]
[Round "1.1"]
[White "Mou, Iris Zhaoying"]
[Black "Fedorowicz, John P"]
[Result "0-1"]
[WhiteElo "2216"]
[BlackElo "2372"]
[PlyCount "110"]
[EventDate "2024.03.27"]
[EventType "schev"]
[EventRounds "9"]
[EventCountry "USA"]
[SourceTitle "CB14_2024"]
[SourceDate "2024.04.01"]
[SourceVersion "1"]
[SourceVersionDate "2024.04.01"]
[SourceQuality "1"]

1. e4 c5 2. Nf3 Nc6 3. Bb5 e6 4. 0-0 Nge7 5. Re1 a6 6. Bf1 d5 7. exd5 Qxd5 8. Nc3 Qd8 9. Ne4 Nf5 10. b3 Be7 11. Bb2 0-0 12. a4 b6 13. Ne5 Bb7 14. Bd3 Nb4 15. Bc4 Kh8 16. Rc1 f6 17. c3 Nd5 18. Nf3 Qd7 19. d4 cxd4 20. Nxd4 Nxd4 21. Qxd4 Rad8 22. Bxd5 exd5 23. Ng3 Bc5 24. Qh4 Rfe8 25. b4 Bf8 26. Qd4 Qc7 27. Nh5 Re4 28. Qd3 Rde8 29. Rf1 Qc6 30. Ng3 Rc4 31. Nf5 d4 32. Qg3 dxc3 33. Rxc3 Rxc3 34. Bxc3 Qd7 35. Nd4 Re4 36. h3 Re5 37. Nf3 Re8 38. Nd4 Kg8 39. a5 bxa5 40. bxa5 Re5 41. Nf3 Rf5 42. Nh4 Rg5 43. Qe3 Qd5 44. Nf3 Qxf3 45. Qxg5 Qxc3 46. Qf5 Qc6 47. f3 g6 48. Qd3 Qc5+ 49. Kh1 Qxa5 50. Rd1 Qc7 51. Qb3+ Kg7 52. Rb1 Bc8 53. Qe3 Qe5 54. Qa7+ Kh6 55. Qb6 Bd6 0-1

[Event "US op 123nd"]
[Site "Grand Rapids"]
[Date "2023.08.05"]
[Round "8"]
[White "Singh, Hersh"]
[Black "Fedorowicz, John P"]
[Result "1/2-1/2"]
[WhiteElo "2068"]
[BlackElo "2387"]
[PlyCount "75"]
[EventDate "2023.07.29"]
[EventType "swiss"]
[EventRounds "9"]
[EventCountry "USA"]
[SourceTitle "CBM 215 Extra"]
[Source "ChessBase"]
[SourceDate "2023.09.30"]
[SourceVersion "1"]
[SourceVersionDate "2023.09.30"]
[SourceQuality "1"]

1. d4 Nf6 2. c4 e6 3. Nc3 Bb4 4. Qc2 Nc6 5. Nf3 d6 6. Bd2 a5 7. a3 Bxc3 8. Bxc3 Qe7 9. e4 e5 10. d5 Nb8 11. b4 axb4 12. axb4 Rxa1+ 13. Bxa1 0-0 14. g3 c6 15. Bg2 cxd5 16. cxd5 Na6 17. Qb1 Bd7 18. 0-0 Rc8 19. Nd2 Qd8 20. Rc1 Rxc1+ 21. Qxc1 Qb6 22. Bc3 Ng4 23. Qe1 Nc7 24. h3 Nf6 25. Kh2 Nb5 26. Bb2 Qc7 27. f4 Ne8 28. Qd1 f6 29. Qb3 Qb6 30. Nc4 Qf2 31. f5 Nec7 32. Bc1 Qe2 33. Be3 Kf8 34. Bb6 Ne8 35. Na5 Nd4 36. Qc3 Nb5 37. Qb3 Nd4 38. Qc3 1/2-1/2

[Event "Charlotte Super op"]
[Site "Charlotte"]
[Date "2023.07.13"]
[Round "9"]
[White "Gutla, Aryan"]
[Black "Fedorowicz, John P"]
[Result "0-1"]
[WhiteElo "2315"]
[BlackElo "2388"]
[PlyCount "120"]
[EventDate "2023.07.09"]
[EventType "swiss"]
[EventRounds "9"]
[EventCountry "USA"]
[SourceTitle "CBM 215 Extra"]
[Source "ChessBase"]
[SourceDate "2023.09.30"]
[SourceVersion "1"]
[SourceVersionDate "2023.09.30"]
[SourceQuality "1"]

1. e4 c5 2. Nf3 d6 3. d4 cxd4 4. Nxd4 Nf6 5. Nc3 a6 6. h3 Nc6 7. Be3 e5 8. Nb3 h6 9. g4 Be7 10. Bg2 Na5 11. Nd2 Qc7 12. 0-0 0-0 13. Na4 Nd7 14. b4 Nc4 15. Nxc4 Qxc4 16. a3 b5 17. Nb2 Qc3 18. Qd3 Qxd3 19. Nxd3 Bb7 20. Rfc1 Rfc8 21. Nb2 Nf6 22. f3 d5 23. Nd3 dxe4 24. fxe4 Bxe4 25. Nxe5 Bxg2 26. Kxg2 Nd5 27. Bd4 Bg5 28. Rf1 Rxc2+ 29. Rf2 Nf4+ 30. Kf3 Rxf2+ 31. Bxf2 Nxh3 32. Rd1 Nxf2 33. Kxf2 Rd8 34. Rxd8+ Bxd8 35. Ke2 g6 36. Nd7 Kg7 37. Nb8 a5 38. Nc6 axb4 39. axb4 Bb6 40. Ne7 Bc7 41. Nd5 Bd6 42. Nc3 Bxb4 43. Nxb5 Kf6 44. Nd4 Kg5 45. Nc6 Bd6 46. Nd8 Kf6 47. Kf3 Bc7 48. Nb7 Kg5 49. Nc5 h5 50. Ne4+ Kh4 51. gxh5 Kxh5 52. Nf6+ Kg5 53. Ne8 Be5 54. Ke4 f6 55. Ng7 Kh6 56. Ne8 Kh7 57. Kd5 g5 58. Ke4 Kg6 59. Kf3 f5 60. Kg2 Kf7 0-1

[Event "Charlotte Super op"]
[Site "Charlotte"]
[Date "2023.07.12"]
[Round "6"]
[White "Fedorowicz, John P"]
[Black "Putnam, Liam H"]
[Result "1/2-1/2"]
[WhiteElo "2388"]
[BlackElo "2293"]
[PlyCount "100"]
[EventDate "2023.07.09"]
[EventType "swiss"]
[EventRounds "9"]
[EventCountry "USA"]
[SourceTitle "CBM 215 Extra"]
[Source "ChessBase"]
[SourceDate "2023.09.30"]
[SourceVersion "1"]
[SourceVersionDate "2023.09.30"]
[SourceQuality "1"]

1. d4 Nf6 2. c4 g6 3. Nc3 Bg7 4. e4 d6 5. Nf3 0-0 6. Be2 e5 7. 0-0 Nc6 8. d5 Ne7 9. Bg5 h6 10. Bxf6 Bxf6 11. b4 Bg7 12. c5 f5 13. Nd2 fxe4 14. Ndxe4 Nf5 15. Rc1 a6 16. a4 Nd4 17. a5 Bf5 18. Bd3 Kh7 19. cxd6 cxd6 20. Ne2 Qd7 21. Nxd4 exd4 22. Ng3 Bxd3 23. Qxd3 Rac8 24. h4 Qg4 25. h5 Be5 26. Rxc8 Rxc8 27. f4 Bf6 28. Ne4 Qf5 29. Nxf6+ Qxf6 30. hxg6+ Qxg6 31. f5 Qf6 32. Qe4 Qe5 33. Qf3 Qe3+ 34. Qxe3 dxe3 35. Re1 Rc3 36. Kf1 Kg7 37. Ke2 Kf6 38. g4 Rc4 39. Kf3 Kg5 40. Rg1 Rxb4 41. Kxe3 Ra4 42. Rf1 Kf6 43. Rh1 Rxg4 44. Rxh6+ Ke5 45. Rh7 Rg3+ 46. Ke2 Rb3 47. Rf7 Kxd5 48. Re7 Rh3 49. Rxb7 Rh5 50. Rb6 Ke5 1/2-1/2

[Event "Charlotte Super op"]
[Site "Charlotte"]
[Date "2023.07.09"]
[Round "1"]
[White "Puckett, Matthew"]
[Black "Fedorowicz, John P"]
[Result "1-0"]
[WhiteElo "2145"]
[BlackElo "2388"]
[PlyCount "97"]
[EventDate "2023.07.09"]
[EventType "swiss"]
[EventRounds "9"]
[EventCountry "USA"]
[SourceTitle "CBM 215 Extra"]
[Source "ChessBase"]
[SourceDate "2023.09.30"]
[SourceVersion "1"]
[SourceVersionDate "2023.09.30"]
[SourceQuality "1"]

1. d4 Nf6 2. c4 c5 3. d5 b5 4. cxb5 a6 5. f3 e6 6. e4 c4 7. d6 Qb6 8. e5 Nd5 9. Bxc4 Bb7 10. Bxd5 Bxd5 11. Nc3 Bb7 12. Qe2 axb5 13. Be3 Qa5 14. Qxb5 Bc6 15. Qxa5 Rxa5 16. Bd4 f6 17. b4 fxe5 18. bxa5 exd4 19. Ne4 Bxe4 20. fxe4 Bxd6 21. Nf3 Nc6 22. Ke2 Ke7 23. Rhc1 Ra8 24. Rc4 Rxa5 25. a4 e5 26. Rb1 Ra8 27. Rb5 g6 28. Nd2 Na5 29. Rc1 Nc6 30. Ra1 Bb4 31. Nc4 Ke6 32. a5 Bc3 33. Ra4 d3+ 34. Kxd3 Bd4 35. Ne3 Rf8 36. Ra2 Kd6 37. Nd5 Rf1 38. a6 Rd1+ 39. Ke2 Rg1 40. Kf3 Rf1+ 41. Kg3 Re1 42. Kf3 Rf1+ 43. Kg4 Re1 44. Nf6 Ke6 45. Nxh7 Rxe4+ 46. Kh3 Rf4 47. Rb7 Na7 48. Ng5+ Ke7 49. Nf3 1-0

[Event "World op 51st"]
[Site "Philadelphia"]
[Date "2023.07.04"]
[Round "8"]
[White "Fedorowicz, John P"]
[Black "Jacobson, Brandon"]
[Result "1/2-1/2"]
[WhiteElo "2388"]
[BlackElo "2557"]
[PlyCount "100"]
[EventDate "2023.06.30"]
[EventType "swiss"]
[EventRounds "9"]
[EventCountry "USA"]
[SourceTitle "CBM 215 Extra"]
[Source "ChessBase"]
[SourceDate "2023.09.30"]
[SourceVersion "1"]
[SourceVersionDate "2023.09.30"]
[SourceQuality "1"]

1. e4 c5 2. Nf3 d6 3. d4 cxd4 4. Nxd4 Nf6 5. Nc3 Nc6 6. Be2 e5 7. Nf3 h6 8. 0-0 Be7 9. Re1 0-0 10. h3 a6 11. Bf1 Qc7 12. Nh2 Be6 13. Nd5 Qa5 14. c4 Qd8 15. Be3 Nd7 16. Nf3 a5 17. b3 f5 18. exf5 Bxf5 19. Rc1 Kh8 20. a3 Nf6 21. Bb6 Qd7 22. Nd2 Bd8 23. Nxf6 Rxf6 24. Be3 Bc7 25. Nb1 Raf8 26. Nc3 Bb8 27. Kh1 Rg6 28. Qh5 Ba7 29. Bxa7 Nxa7 30. Nd5 Nc6 31. f4 Rg3 32. b4 Rxa3 33. b5 Nd4 34. fxe5 dxe5 35. Rxe5 Bxh3 36. Ne7 Bf5 37. Rce1 Nc2 38. Rd1 Qc7 39. Rxf5 Qxe7 40. Bd3 Ne3 41. Rxf8+ Qxf8 42. Qg6 Rxd3 43. Rxd3 Nxc4 44. Rf3 Qd8 45. Qd3 Qxd3 46. Rxd3 b6 47. Rd4 Na3 48. Rd5 Kg8 49. Kg1 Kf7 50. Kf2 g6 1/2-1/2

[Event "World op 51st"]
[Site "Philadelphia"]
[Date "2023.07.02"]
[Round "4"]
[White "Bruzon Batista, Lazaro"]
[Black "Fedorowicz, John P"]
[Result "1/2-1/2"]
[WhiteElo "2617"]
[BlackElo "2388"]
[PlyCount "61"]
[EventDate "2023.06.30"]
[EventType "swiss"]
[EventRounds "9"]
[EventCountry "USA"]
[SourceTitle "CBM 215 Extra"]
[Source "ChessBase"]
[SourceDate "2023.09.30"]
[SourceVersion "1"]
[SourceVersionDate "2023.09.30"]
[SourceQuality "1"]

1. d4 Nf6 2. c4 g6 3. Nc3 Bg7 4. e4 d6 5. f3 0-0 6. Be3 a6 7. Qd2 Nbd7 8. Nh3 c5 9. Nf2 Qa5 10. Be2 Rb8 11. dxc5 dxc5 12. Bf4 e5 13. Be3 b5 14. 0-0 bxc4 15. Bxc4 Nb6 16. Be2 Be6 17. Rfd1 c4 18. Nd5 Qxd2 19. Ne7+ Kh8 20. Rxd2 Rb7 21. Nc6 Nfd7 22. Nd1 Rc8 23. Ne7 Re8 24. Nd5 Bxd5 25. exd5 e4 26. Rc1 exf3 27. gxf3 h5 28. Kf2 Ne5 29. d6 Rd8 30. Nc3 f5 31. Rcd1 1/2-1/2

[Event "US op 122nd"]
[Site "Rancho Mirage"]
[Date "2022.08.06"]
[Round "8"]
[White "Fedorowicz, John P"]
[Black "Rieb, Kyle"]
[Result "1-0"]
[WhiteElo "2411"]
[BlackElo "1965"]
[PlyCount "59"]
[EventDate "2022.07.30"]
[EventType "swiss"]
[EventRounds "9"]
[EventCountry "USA"]
[SourceTitle "CBM 209 Extra"]
[Source "ChessBase"]
[SourceDate "2022.09.30"]
[SourceVersion "1"]
[SourceVersionDate "2022.09.30"]
[SourceQuality "1"]

1. d4 d5 2. c4 e6 3. Nc3 c6 4. e3 Nd7 5. Qc2 Nh6 6. Bd3 Bd6 7. Bd2 dxc4 8. Bxc4 e5 9. Bd3 Qe7 10. Nge2 Ng4 11. h3 Ngf6 12. g4 Nb6 13. dxe5 Bxe5 14. e4 Nfd7 15. f4 Qh4+ 16. Kd1 0-0 17. Be1 Qe7 18. Bf2 Rd8 19. Ke1 Bd6 20. e5 Bxe5 21. fxe5 Nxe5 22. Bxh7+ Kh8 23. Be4 Nbc4 24. Rd1 Be6 25. b3 Rxd1+ 26. Nxd1 Rd8 27. bxc4 Bxc4 28. Nb2 Bxe2 29. Kxe2 Qb4 30. Rd1 1-0

[Event "US op 121st"]
[Site "Cherry Hill"]
[Date "2021.08.04"]
[Round "5"]
[White "Rosenthal, Nicholas"]
[Black "Fedorowicz, John P"]
[Result "1/2-1/2"]
[WhiteElo "2137"]
[BlackElo "2424"]
[PlyCount "58"]
[EventDate "2021.07.31"]
[EventType "swiss"]
[EventRounds "9"]
[EventCountry "USA"]
[SourceTitle "CBM 203 Extra"]
[Source "ChessBase"]
[SourceDate "2021.09.30"]
[SourceVersion "1"]
[SourceVersionDate "2021.09.30"]
[SourceQuality "1"]

1. e4 c5 2. Nf3 d6 3. Bb5+ Bd7 4. Bxd7+ Nxd7 5. 0-0 Ngf6 6. Re1 e6 7. c4 Ne5 8. d4 Nxf3+ 9. gxf3 cxd4 10. Qxd4 a6 11. Nc3 Rc8 12. Be3 Qa5 13. Ne2 Be7 14. Red1 0-0 15. Bd2 Qc7 16. Rac1 Rfd8 17. b3 Qc6 18. Bc3 b5 19. Ba5 Re8 20. Bb4 bxc4 21. Rxc4 Qb5 22. Bxd6 Bxd6 23. Qxd6 Rxc4 24. bxc4 Qxc4 25. Rd2 h5 26. Kg2 Rc8 27. Qb6 e5 28. Qd6 Re8 29. h4 Re6 1/2-1/2

[Event "US op 121st"]
[Site "Cherry Hill"]
[Date "2021.08.03"]
[Round "4"]
[White "Fedorowicz, John P"]
[Black "Akobian, Varuzhan"]
[Result "1/2-1/2"]
[WhiteElo "2424"]
[BlackElo "2614"]
[PlyCount "91"]
[EventDate "2021.07.31"]
[EventType "swiss"]
[EventRounds "9"]
[EventCountry "USA"]
[SourceTitle "CBM 203 Extra"]
[Source "ChessBase"]
[SourceDate "2021.09.30"]
[SourceVersion "1"]
[SourceVersionDate "2021.09.30"]
[SourceQuality "1"]

1. e4 e6 2. d4 d5 3. Nd2 c5 4. Ngf3 Nf6 5. exd5 Qxd5 6. Bc4 Qd8 7. 0-0 a6 8. dxc5 Bxc5 9. Qe2 b5 10. Bd3 Nbd7 11. Ne4 Be7 12. Nxf6+ Nxf6 13. a4 b4 14. Bg5 Bb7 15. Bxf6 Bxf6 16. Be4 Qc7 17. Bxb7 Qxb7 18. Ne5 0-0 19. Rfd1 Rfd8 20. Rxd8+ Rxd8 21. Rd1 Rxd1+ 22. Qxd1 Qe4 23. Nf3 g5 24. h3 h5 25. g3 Kg7 26. b3 a5 27. Qd3 Qxd3 28. cxd3 Bd8 29. g4 hxg4 30. hxg4 f5 31. gxf5 exf5 32. Nd4 Kf6 33. Kg2 Bb6 34. Ne2 g4 35. f3 Kg5 36. f4+ Kf6 37. Kg3 Be3 38. Kg2 Kg6 39. Kh2 Kf6 40. Kg2 Ke6 41. Kg3 Kd5 42. Kg2 Kc5 43. Kf1 Kd5 44. Ke1 Ke6 45. Kf1 Kd5 46. Ke1 1/2-1/2

[Event "World op 49th"]
[Site "Philadelphia"]
[Date "2021.07.04"]
[Round "6"]
[White "Fedorowicz, John P"]
[Black "Cordova, Emilio"]
[Result "1/2-1/2"]
[WhiteElo "2413"]
[BlackElo "2581"]
[PlyCount "23"]
[EventDate "2021.07.01"]
[EventType "swiss"]
[EventRounds "9"]
[EventCountry "USA"]
[SourceTitle "EXT 2022"]
[Source "ChessBase"]
[SourceDate "2021.10.06"]
[SourceVersion "1"]
[SourceVersionDate "2021.10.06"]
[SourceQuality "1"]

1. d4 Nf6 2. c4 e6 3. Nf3 b6 4. g3 Ba6 5. b3 Bb7 6. Bg2 Bb4+ 7. Bd2 a5 8. 0-0 0-0 9. Bc3 Re8 10. Bb2 Bf8 11. Nc3 Na6 12. d5 1/2-1/2

[Event "World op 49th"]
[Site "Philadelphia"]
[Date "2021.07.03"]
[Round "4"]
[White "Fedorowicz, John P"]
[Black "Akopian, Vladimir Eduardovic"]
[Result "1/2-1/2"]
[WhiteElo "2413"]
[BlackElo "2625"]
[PlyCount "71"]
[EventDate "2021.07.01"]
[EventType "swiss"]
[EventRounds "9"]
[EventCountry "USA"]
[SourceTitle "EXT 2022"]
[Source "ChessBase"]
[SourceDate "2021.10.06"]
[SourceVersion "1"]
[SourceVersionDate "2021.10.06"]
[SourceQuality "1"]

1. d4 Nf6 2. c4 e6 3. Nf3 c5 4. d5 d6 5. Nc3 exd5 6. cxd5 g6 7. h3 a6 8. a4 Qe7 9. Bf4 Bg7 10. e3 0-0 11. Be2 Nbd7 12. 0-0 Rb8 13. Bh2 Ne8 14. Nd2 f5 15. Nc4 Ne5 16. Nb6 Nf6 17. a5 Nfd7 18. Nca4 g5 19. Qd2 Nxb6 20. Nxb6 Bd7 21. f4 Ng6 22. Nxd7 Qxd7 23. fxg5 b6 24. axb6 Rxb6 25. Ra2 Qe7 26. Bd3 Qxg5 27. Qf2 f4 28. exf4 Qxd5 29. Qc2 Kh8 30. Qc4 Qxc4 31. Bxc4 Rxb2 32. Rxa6 Rb4 33. Bd3 Nxf4 34. Bxf4 Rbxf4 35. Rxf4 Rxf4 36. Rxd6 1/2-1/2

[Event "Charlotte op"]
[Site "Charlotte"]
[Date "2020.01.03"]
[Round "5"]
[White "Fedorowicz, John P"]
[Black "Paul, Justin"]
[Result "0-1"]
[WhiteElo "2430"]
[BlackElo "2249"]
[PlyCount "122"]
[EventDate "2020.01.01"]
[EventType "swiss"]
[EventRounds "9"]
[EventCountry "USA"]
[SourceTitle "CBM 194 Extra"]
[Source "ChessBase"]
[SourceDate "2020.03.31"]
[SourceVersion "1"]
[SourceVersionDate "2020.03.31"]
[SourceQuality "1"]

1. e4 e5 2. Nf3 Nc6 3. Bb5 a6 4. Ba4 Nf6 5. 0-0 b5 6. Bb3 Be7 7. Re1 0-0 8. h3 Bb7 9. d3 d6 10. c3 Na5 11. Bc2 c5 12. Nbd2 Re8 13. Nf1 Bf8 14. Ng3 g6 15. d4 exd4 16. cxd4 Bg7 17. d5 Nd7 18. Rb1 Nc4 19. b3 Nce5 20. Nh2 Qh4 21. Nhf1 c4 22. f4 Nd3 23. Bxd3 cxd3 24. Qxd3 f5 25. Be3 Nc5 26. Bxc5 dxc5 27. exf5 Bd4+ 28. Kh2 Qxf4 29. Qd2 Qd6 30. fxg6 hxg6 31. Qg5 Kh7 32. Nd2 Bxd5 33. Qh4+ Kg8 34. Nde4 Bxe4 35. Rxe4 Rxe4 36. Qxe4 Rf8 37. Re1 Kg7 38. Qe7+ Qxe7 39. Rxe7+ Rf7 40. Re6 Rf6 41. Re7+ Kf8 42. Re4 Rf2 43. Ne2 Bg7 44. Kg1 Rf6 45. Rf4 Ke7 46. Rxf6 Kxf6 47. Kf2 Bh6 48. Kf3 Ke5 49. h4 c4 50. bxc4 bxc4 51. g4 Bd2 52. h5 gxh5 53. gxh5 Bh6 54. Kf2 Ke4 55. Ke1 a5 56. Kd1 Kd3 57. Nc1+ Kc3 58. Ne2+ Kb2 59. Nd4 Bg7 60. Nf5 c3 61. Ne3 Bh6 0-1

[Event "World op 47th"]
[Site "Philadelphia"]
[Date "2019.07.07"]
[Round "8"]
[White "Fedorowicz, John P"]
[Black "Hakobyan, Aram"]
[Result "1-0"]
[WhiteElo "2420"]
[BlackElo "2568"]
[PlyCount "101"]
[EventDate "2019.07.03"]
[EventType "swiss"]
[EventRounds "9"]
[EventCountry "USA"]
[SourceTitle "CBM 191 Extra"]
[Source "ChessBase"]
[SourceDate "2019.09.30"]
[SourceVersion "1"]
[SourceVersionDate "2019.09.30"]
[SourceQuality "1"]

1. d4 Nf6 2. Nf3 e6 3. g3 b5 4. Bg2 Bb7 5. Bg5 Be7 6. 0-0 0-0 7. Qd3 d5 8. Bxf6 Bxf6 9. Nbd2 a5 10. Rfe1 c6 11. e4 Ba6 12. a3 Nd7 13. b4 Bb7 14. c3 Ra7 15. e5 Be7 16. Nb3 Nb6 17. Nxa5 Rxa5 18. bxa5 Na4 19. Nd2 Qxa5 20. Rec1 Ra8 21. h4 Qb6 22. Rcb1 Qa5 23. Rc1 Qb6 24. Rcb1 Qc7 25. Bf1 Qa5 26. Rc1 Qa7 27. Qc2 Rc8 28. Bd3 h6 29. Qb3 h5 30. Nf3 Ba6 31. Rab1 g6 32. Ne1 Rb8 33. Qc2 Bxa3 34. Rd1 Bf8 35. Ra1 Bc8 36. Rdb1 Ra8 37. Ng2 Bd7 38. Nf4 Be8 39. Ne2 Qc7 40. Qd2 Ra5 41. Bc2 c5 42. g4 Qa7 43. Bd3 Qe7 44. gxh5 Qxh4 45. hxg6 Bh6 46. Qe1 fxg6 47. Ng3 Bf4 48. Kg2 Qg5 49. dxc5 Bc6 50. Be2 Bd2 51. Qh1 1-0

[Event "World op 47th"]
[Site "Philadelphia"]
[Date "2019.07.04"]
[Round "2"]
[White "Luo, Terry"]
[Black "Fedorowicz, John P"]
[Result "1/2-1/2"]
[WhiteElo "2043"]
[BlackElo "2420"]
[PlyCount "44"]
[EventDate "2019.07.03"]
[EventType "swiss"]
[EventRounds "9"]
[EventCountry "USA"]
[SourceTitle "CBM 191 Extra"]
[Source "ChessBase"]
[SourceDate "2019.09.30"]
[SourceVersion "1"]
[SourceVersionDate "2019.09.30"]
[SourceQuality "1"]

1. d4 Nf6 2. c4 c5 3. d5 b5 4. cxb5 a6 5. bxa6 g6 6. Nc3 Bxa6 7. g3 d6 8. Bg2 Bg7 9. Nf3 Nbd7 10. Rb1 Nb6 11. b3 Bc8 12. Nd2 Bb7 13. Nc4 Nfd7 14. Bd2 0-0 15. Nxb6 Nxb6 16. 0-0 Ra3 17. Bc1 Ra5 18. Bd2 Qa8 19. a4 Ra6 20. e4 c4 21. a5 Rxa5 22. Na4 Rb5 1/2-1/2

[Event "Canadian op"]
[Site "Quebec"]
[Date "2018.07.12"]
[Round "7"]
[White "Hebert, Jean"]
[Black "Fedorowicz, John P"]
[Result "1/2-1/2"]
[WhiteElo "2367"]
[BlackElo "2425"]
[PlyCount "31"]
[EventDate "2018.07.07"]
[EventType "swiss"]
[EventRounds "9"]
[EventCountry "CAN"]
[SourceTitle "CBM 185 Extra"]
[Source "ChessBase"]
[SourceDate "2018.07.29"]
[SourceVersion "1"]
[SourceVersionDate "2018.07.29"]
[SourceQuality "1"]

1. d4 Nf6 2. c4 e6 3. Nf3 b6 4. g3 Ba6 5. Qc2 Bb7 6. Bg2 c5 7. dxc5 bxc5 8. 0-0 Be7 9. Nc3 0-0 10. Rd1 Qb6 11. Bf4 d6 12. e4 Nbd7 13. Rd2 Rfd8 14. Rad1 Ne8 15. h4 Nf8 16. Be3 1/2-1/2

[Event "Canadian op"]
[Site "Quebec"]
[Date "2018.07.11"]
[Round "6"]
[White "Fedorowicz, John P"]
[Black "Chiku Ratte, Olivier Kenta"]
[Result "1-0"]
[WhiteElo "2425"]
[BlackElo "2278"]
[PlyCount "107"]
[EventDate "2018.07.07"]
[EventType "swiss"]
[EventRounds "9"]
[EventCountry "CAN"]
[SourceTitle "CBM 185 Extra"]
[Source "ChessBase"]
[SourceDate "2018.07.29"]
[SourceVersion "1"]
[SourceVersionDate "2018.07.29"]
[SourceQuality "1"]

1. d4 Nf6 2. c4 g6 3. Nc3 Bg7 4. Nf3 0-0 5. g3 d6 6. Bg2 c5 7. dxc5 dxc5 8. 0-0 Nc6 9. Be3 Qa5 10. Qb3 Ng4 11. Bd2 Qb4 12. Na4 Qxb3 13. axb3 Nge5 14. Nxe5 Bxe5 15. Bxc6 bxc6 16. Bf4 Bd6 17. Rfd1 Rd8 18. Nxc5 Bg4 19. Nb7 Rdb8 20. Nxd6 exd6 21. f3 Be6 22. Ra3 a5 23. Rxd6 Rc8 24. Kf2 Kf8 25. Bg5 Rab8 26. Bf6 a4 27. Rxa4 Rxb3 28. c5 Rb5 29. Rad4 Rbb8 30. b4 Ra8 31. g4 h6 32. h4 Rab8 33. Kg3 Ra8 34. e4 Kg8 35. Kf4 Kf8 36. g5 h5 37. Rd8+ Rxd8 38. Bxd8 Ke8 39. Bf6 Bd7 40. Ke5 Bh3 41. Kd6 Rc8 42. Rd2 Be6 43. Rd3 Bc4 44. Ra3 Kf8 45. Rc3 Bb5 46. Ra3 Bc4 47. f4 Ke8 48. f5 Bb5 49. fxg6 fxg6 50. Ra7 Bc4 51. e5 Kf8 52. e6 Re8 53. Rf7+ Kg8 54. Rg7+ 1-0

[Event "Kitchener CAN Masters"]
[Site "Kitchener"]
[Date "2015.08.03"]
[Round "7"]
[White "Fedorowicz, John P"]
[Black "Panjwani, Raja"]
[Result "1/2-1/2"]
[WhiteElo "2428"]
[BlackElo "2400"]
[PlyCount "31"]
[EventDate "2015.07.31"]
[EventType "schev"]
[EventRounds "10"]
[EventCountry "CAN"]
[SourceTitle "EXT 2016"]
[Source "ChessBase"]
[SourceDate "2015.10.08"]
[SourceVersion "1"]
[SourceVersionDate "2015.10.08"]
[SourceQuality "1"]
[WhiteTeam "Team 1"]
[BlackTeam "Team 2"]
[WhiteTeamCountry "CAN"]
[BlackTeamCountry "CAN"]

1. e4 c5 2. Nf3 g6 3. d4 cxd4 4. Nxd4 Nc6 5. c4 Bg7 6. Be3 Nf6 7. Nc3 0-0 8. Be2 d6 9. 0-0 Nxd4 10. Bxd4 Bd7 11. Qd2 Bc6 12. f3 a5 13. Rab1 Nd7 14. Be3 Nc5 15. Kh1 a4 16. Rfc1 1/2-1/2

[Event "Kitchener CAN Masters"]
[Site "Kitchener"]
[Date "2015.08.02"]
[Round "6"]
[White "Preotu, Razvan"]
[Black "Fedorowicz, John P"]
[Result "1-0"]
[WhiteElo "2452"]
[BlackElo "2428"]
[PlyCount "65"]
[EventDate "2015.07.31"]
[EventType "schev"]
[EventRounds "10"]
[EventCountry "CAN"]
[SourceTitle "EXT 2016"]
[Source "ChessBase"]
[SourceDate "2015.10.08"]
[SourceVersion "1"]
[SourceVersionDate "2015.10.08"]
[SourceQuality "1"]
[WhiteTeam "Team 2"]
[BlackTeam "Team 1"]
[WhiteTeamCountry "CAN"]
[BlackTeamCountry "CAN"]

1. e4 c5 2. Nf3 d6 3. d4 cxd4 4. Nxd4 Nf6 5. Nc3 a6 6. Be3 e6 7. f3 b5 8. Qd2 Nbd7 9. 0-0-0 Bb7 10. g4 Nb6 11. Qf2 Nfd7 12. Bd3 Rc8 13. Nce2 Na4 14. Kb1 Ndc5 15. g5 Qc7 16. Rd2 d5 17. e5 Nb6 18. Nb3 Ncd7 19. Bxb6 Qxb6 20. Qg3 a5 21. f4 g6 22. h4 a4 23. Nbd4 Ba6 24. h5 Rg8 25. hxg6 hxg6 26. Rh7 Nc5 27. f5 gxf5 28. Nf4 b4 29. Bxf5 exf5 30. e6 fxe6 31. Nxd5 Ne4 32. Nxb6 Nxg3 33. Nxe6 1-0

[Event "Kitchener CAN Masters"]
[Site "Kitchener"]
[Date "2015.07.31"]
[Round "1"]
[White "Fedorowicz, John P"]
[Black "Krnan, Tomas"]
[Result "1-0"]
[WhiteElo "2428"]
[BlackElo "2428"]
[PlyCount "73"]
[EventDate "2015.07.31"]
[EventType "schev"]
[EventRounds "10"]
[EventCountry "CAN"]
[SourceTitle "EXT 2016"]
[Source "ChessBase"]
[SourceDate "2015.10.08"]
[SourceVersion "1"]
[SourceVersionDate "2015.10.08"]
[SourceQuality "1"]
[WhiteTeam "Team 1"]
[BlackTeam "Team 2"]
[WhiteTeamCountry "CAN"]
[BlackTeamCountry "CAN"]

1. e4 e5 2. Nf3 Nc6 3. Bb5 a6 4. Ba4 Nf6 5. 0-0 Be7 6. Re1 b5 7. Bb3 0-0 8. d4 d6 9. c3 Bg4 10. d5 Na5 11. Bc2 c6 12. h3 Bc8 13. dxc6 Qc7 14. Nbd2 Qxc6 15. Nf1 h6 16. Ng3 Re8 17. Nh4 Bf8 18. Qf3 Nh7 19. Nhf5 Be6 20. Ne3 Ng5 21. Qd1 Nc4 22. Nxc4 Qxc4 23. Bxg5 hxg5 24. Bb3 Qc5 25. Qh5 Bxb3 26. axb3 Be7 27. Nf5 d5 28. b4 Qc4 29. exd5 Qxd5 30. Nxe7+ Rxe7 31. Qxg5 f6 32. Qf5 Rd7 33. Re4 Rd6 34. Rae1 Rad8 35. f4 exf4 36. Qg6 Rf8 37. Re7 1-0

[Event "Kitchener CAN Masters"]
[Site "Kitchener"]
[Date "2015.07.31"]
[Round "2"]
[White "Krnan, Tomas"]
[Black "Fedorowicz, John P"]
[Result "1/2-1/2"]
[WhiteElo "2428"]
[BlackElo "2428"]
[PlyCount "38"]
[EventDate "2015.07.31"]
[EventType "schev"]
[EventRounds "10"]
[EventCountry "CAN"]
[SourceTitle "EXT 2016"]
[Source "ChessBase"]
[SourceDate "2015.10.08"]
[SourceVersion "1"]
[SourceVersionDate "2015.10.08"]
[SourceQuality "1"]
[WhiteTeam "Team 2"]
[BlackTeam "Team 1"]
[WhiteTeamCountry "CAN"]
[BlackTeamCountry "CAN"]

1. e4 c5 2. Nf3 d6 3. Bb5+ Bd7 4. Bxd7+ Nxd7 5. 0-0 Ngf6 6. Qe2 e6 7. b3 Be7 8. Bb2 Qc7 9. c4 Ne5 10. Ne1 Nc6 11. f4 0-0 12. Nf3 Nd7 13. Na3 a6 14. Nc2 Bf6 15. Bc3 Rab8 16. Rfe1 Bxc3 17. dxc3 b5 18. Red1 bxc4 19. Qxc4 Nf6 1/2-1/2